Catálogo
 En Linea

Nuestros monumentos / (Registro nro. 31029)

Detalles MARC
000 -CABECERA
campo de control de longitud fija 00677nam a2200193 a 4500
001 - NÚMERO DE CONTROL
campo de control 000031537
003 - IDENTIFICADOR DEL NÚMERO DE CONTROL
campo de control DO-SdBNP
005 - FECHA Y HORA DE LA ÚLTIMA TRANSACCIÓN
campo de control 20240305103442.0
008 - DATOS DE LONGITUD FIJA--INFORMACIÓN GENERAL
campo de control de longitud fija 110627s20uu dr ac 000 0 spa d
040 ## - FUENTE DE LA CATALOGACIÓN
Centro catalogador/agencia de origen DO-SdBNP
Lengua de catalogación spa
Centro/agencia transcriptor BNPHU
100 1# - ENTRADA PRINCIPAL--NOMBRE DE PERSONA
Nombre de persona Incháustegui Cabral, Héctor,
Fechas asociadas al nombre 1912-1979
9 (RLIN) 21024
245 10 - MENCIÓN DE TÍTULO
Título Nuestros monumentos /
Mención de responsabilidad, etc. Arístides Incháustegui, Blanca Delgado Malagón ; coordinador Manuel Rueda; fotografías Pedro Guzmán.
260 ## - PUBLICACIÓN, DISTRIBUCIÓN, ETC.
Lugar de publicación, distribución, etc. [Santo Domingo] :
Nombre del editor, distribuidor, etc. Editora Corripio.
300 ## - DESCRIPCIÓN FÍSICA
Extensión 78 p. :
Otras características físicas il., retrs. ;
Dimensiones 22 cm.
700 1# - PUNTO DE ACCESO ADICIONAL--NOMBRE DE PERSONA
Nombre de persona Delgado Malagón, Blanca
9 (RLIN) 22928
700 1# - PUNTO DE ACCESO ADICIONAL--NOMBRE DE PERSONA
Nombre de persona Rueda, Manuel
Término indicativo de función/relación coord.
9 (RLIN) 19958
700 1# - PUNTO DE ACCESO ADICIONAL--NOMBRE DE PERSONA
Nombre de persona Guzmán
9 (RLIN) 57903
942 ## - ELEMENTOS DE PUNTO DE ACCESO ADICIONAL (KOHA)
Fuente del sistema de clasificación o colocación Dewey Decimal Classification
Tipo de ítem Koha Libro
Existencias
Estado de retiro Estado de pérdida No para préstamo Código de colección Localización permanente Ubicación/localización actual Ubicación en estantería Fecha de adquisición Número de inventario Total de préstamos Signatura topográfica completa Código de barras Fecha visto por última vez Precio válido a partir de Tipo de ítem Koha
    Excluido de préstamo Patrimonio Dominicano Patrimonio Dominicano Patrimonio Dominicano En catalogación 27.06.2011 LF1   31537-10 25.06.2020 25.06.2020 Libro y Folleto Colección Patrimonio Dominicano

Con tecnología Koha